Normal view MARC view

Entry Nombre de reunión

Number of records used in: 4

001 - NÚMERO DE CONTROL

  • campo de control: 8939

003 - IDENTIFICADOR DE NÚMERO DE CONTROL

  • campo de control: OSt

005 - FECHA Y HORA DE LA ÚLTIMA TRANSACCIÓN

  • campo de control: 20221005155326.0

008 - ELEMENTOS DE DATO DE LONGITUD-FIJA

  • campo de control de longitud fija: 221005|| aca||aabn | a|a d

040 ## - FUENTE DE CATALOGACIÓN

  • Centro catalogador/agencia de origen: OSt
  • Centro/agencia transcriptor: OSt

111 ## - ENCABEZAMIENTO--NOMBRE DE CONGRESO/REUNIÓN

  • Nombre de congreso/reunión o jurisdicción como elemento de entrada: CONFERENCIA MUNDIAL DEL DECENIO DE LAS NACIONES UNIDAS PARA LA MUJER :
  • Sede del congreso/Lugar de la reunión: Nairobi, Kenia)
  • Fecha del congreso o de la firma del tratado: (1985

670 ## - FUENTE DE DATOS ENCONTRADOS

  • Cita de la fuente: Work cat.: (OSt)8743: INSTITUTO DE LA MUJER España 2132, Estrategias de Nairobi orientadas hacia el futuro para el adelanto de la mujer :, D.L. 1985

Powered by Koha